000 00291nam a22001337a 4500
008 221109b ||||| |||| 00| 0 eng d
041 _aeng
080 _a91
082 _a91 ELI
100 _a19.2
101 _aGJEO
245 _aTHE BLACK SOX SCANDAL OF 1919
_cELISH D
942 _2udc
_cBK
999 _c58824
_d58824